[Event "LSS RN-2008-0-00146"]
[Site "LSS email"]
[Date "2008.08.08"]
[Round "?"]
[White "Petidis, Kostas"]
[Black "Metz, Patrick"]
[Result "1-0"]
[WhiteElo "681"]
[BlackElo "712"]
[PlyCount "59"]
[EventDate "2008.07.27"]
[EventType "tourn (corr)"]
[EventRounds "6"]
[EventCountry "GER"]
[SourceTitle "Corr 2011"]
[Source "ChessBase"]
[SourceDate "2010.08.31"]
[SourceVersion "1"]
[SourceVersionDate "2010.08.31"]
[SourceQuality "1"]

1. d4 d5 2. c4 c6 3. Nc3 Nf6 4. Nf3 Bf5 5. Bg5 Nbd7 6. e3 e6 7. Be2 Bb4 8. 0-0 0-0 9. a3 Bd6 10. Rc1 Qb6 11. b4 a5 12. c5 Bxc5 13. dxc5 Qc7 14. Nd4 Bg6 15. h3 axb4 16. axb4 Rfe8 17. Qd2 Ne4 18. Nxe4 Bxe4 19. Bh4 Ne5 20. Bg3 f6 21. Ra1 Qd7 22. Rfd1 Kf7 23. Qc3 h6 24. b5 g5 25. Bh5+ Kg7 26. Bxe8 Qxe8 27. b6 Rxa1 28. Rxa1 g4 29. hxg4 Nxg4 30. Ra7 1-0